| 000 | 00969nas a2200325 4500 | ||
|---|---|---|---|
| 001 | BR2012000373 | ||
| 003 | BR-BrBNA | ||
| 005 | 20231205120012.0 | ||
| 007 | ta | ||
| 008 | 230509b bl.|||p| |||| 00| 00por d | ||
| 040 |
_aBR-BrBNA _bpor _cBiblioteca Nacional de Agricultura |
||
| 041 | _a(En) | ||
| 072 | _aL70; L74 | ||
| 100 | 1 | _aBarbosa, A.A. | |
| 100 | 1 | _aDel Carlo, R.J. | |
| 100 | 1 | _aGalvão, S.R. | |
| 100 | 1 | _aVilela, M.J. | |
| 100 | 1 | _aLouzada, M.J.Q. | |
| 100 | 1 | _aBrito, A.F.S. | |
| 100 | 1 | _aNatali, A.J. | |
| 245 | 1 | _aBone mineral density of rat femurs after hindlimb unloading and different physical rehabilitation programs | |
| 650 | _aRATO | ||
| 650 | _aVETERINÁRIA | ||
| 650 | _aDISTÚRBIO FISIOLÓGICO | ||
| 650 | _aFRATURA | ||
| 650 | _aTREINAMENTO | ||
| 773 | 0 |
_tRevista Ceres (Brazil) _xISSN 0034-737X _g(Jul-Aug 2011), v. 58(4) p. 407-412 _wBR2012000373 |
|
| 909 |
_a202311 _bLúcia _c55 _dLúcia Elande |
||
| 942 |
_2AGRIS _n0 _cANA |
||
| 999 |
_c216642 _d216642 |
||